[Event "BCF-chT4S 1920 (4NCL)"]
[Site "England"]
[Date "2020.02.08"]
[Round "5.26"]
[White "Wolf, Gabriel"]
[Black "Cox, David"]
[Result "1-0"]
[WhiteElo "1935"]
[BlackElo "1270"]
[PlyCount "37"]
[EventDate "2019.11.09"]
[EventType "team-swiss"]
[EventRounds "11"]
[EventCountry "ENG"]
[SourceTitle "EXT 2022"]
[Source "ChessBase"]
[SourceDate "2021.10.06"]
[SourceVersion "1"]
[SourceVersionDate "2021.10.06"]
[SourceQuality "1"]
[WhiteTeam "CSC II"]
[BlackTeam "MK Phoenix II"]
[WhiteTeamCountry "ENG"]
[BlackTeamCountry "ENG"]

1. d4 f5 2. Nf3 Nf6 3. Bf4 e6 4. e3 Be7 5. h3 0-0 6. Nbd2 d6 7. c3 Qe8 8. Qc2 Bd8 9. g4 Nd5 10. Bh2 Nc6 11. Bd3 Nde7 12. 0-0-0 e5 13. dxe5 dxe5 14. Nxe5 Nxe5 15. Bxe5 Rf7 16. Bc4 fxg4 17. hxg4 g6 18. Rxh7 Nd5 19. Rh8# 1-0

[Event "Wakefield 4NCL op-B 14th"]
[Site "Wokefield"]
[Date "2017.07.14"]
[Round "1"]
[White "Wolf, Gabriel"]
[Black "Pearce, Tristan LJ"]
[Result "1-0"]
[WhiteElo "1890"]
[BlackElo "1633"]
[PlyCount "75"]
[EventDate "2017.07.14"]
[EventType "swiss"]
[EventRounds "5"]
[EventCountry "ENG"]
[SourceTitle "EXT 2018"]
[Source "ChessBase"]
[SourceDate "2017.10.13"]
[SourceVersion "1"]
[SourceVersionDate "2017.10.13"]
[SourceQuality "1"]

1. d4 Nf6 2. c4 g6 3. Nc3 Bg7 4. e4 d6 5. Nf3 0-0 6. Be2 e5 7. 0-0 Nc6 8. d5 Ne7 9. b4 Nd7 10. Ba3 b6 11. Rc1 a5 12. c5 axb4 13. cxd6 cxd6 14. Bxb4 Nc5 15. Nd2 Bh6 16. Rb1 Bxd2 17. Qxd2 f5 18. f3 f4 19. Qb2 Bd7 20. Bxc5 bxc5 21. Qb6 Qb8 22. Qb7 Qd8 23. Qb6 Qb8 24. Rb2 Qxb6 25. Rxb6 Nc8 26. Rb7 Ra7 27. Rxa7 Nxa7 28. Rb1 Nc8 29. Rb7 Rd8 30. a4 Ne7 31. a5 Kf8 32. a6 Bc8 33. Rc7 Bxa6 34. Bxa6 Ra8 35. Be2 g5 36. Nb5 Nc8 37. Rxh7 Ke8 38. Nc7+ 1-0

[Event "Rheinland Pfalz op 6th"]
[Site "Gau Algesheim"]
[Date "2014.06.21"]
[Round "5"]
[White "Buzov, Boris"]
[Black "Wolf, Gabriel"]
[Result "1/2-1/2"]
[WhiteElo "2069"]
[BlackElo "1887"]
[PlyCount "103"]
[EventDate "2014.06.19"]
[EventType "swiss"]
[EventRounds "7"]
[EventCountry "GER"]
[SourceTitle "CBM 161 Extra"]
[Source "ChessBase"]
[SourceDate "2014.08.29"]
[SourceVersion "1"]
[SourceVersionDate "2014.08.29"]
[SourceQuality "1"]

1. e4 c5 2. Nf3 g6 3. c3 d5 4. exd5 Qxd5 5. d4 Bg7 6. Be3 cxd4 7. Bxd4 Nf6 8. Na3 0-0 9. Nb5 Qe4+ 10. Qe2 Qxe2+ 11. Bxe2 Nc6 12. Be3 Nd5 13. Bd2 a6 14. Nbd4 Bd7 15. Bc4 Nb6 16. Bb3 Nxd4 17. Nxd4 Bxd4 18. cxd4 Bc6 19. 0-0 Bd5 20. Bd1 Nc4 21. Bc3 Nd6 22. Re1 e6 23. Bb4 Rfd8 24. Ba4 b5 25. Bc2 a5 26. Bc5 Nb7 27. Be7 Rd7 28. Bf6 Rc8 29. Bd3 Bc4 30. Rac1 Nd6 31. Bb1 Bd5 32. Rxc8+ Nxc8 33. Rc1 Nd6 34. Rc5 Ne8 35. Rc8 Kf8 36. b3 a4 37. bxa4 bxa4 38. Bc2 Rc7 39. Rxc7 Nxc7 40. Bxa4 Bxa2 41. f3 Ne8 42. Be5 f6 43. Bg3 Bd5 44. Bc2 Kf7 45. Kf1 Ng7 46. Bf2 Nf5 47. Ke2 Ne7 48. g4 Nc6 49. Be4 h5 50. Bd3 e5 51. dxe5 Nxe5 52. Bb5 1/2-1/2

[Event "Rheinland Pfalz op 6th"]
[Site "Gau Algesheim"]
[Date "2014.06.21"]
[Round "6"]
[White "Wolf, Gabriel"]
[Black "Kropp, Volker"]
[Result "0-1"]
[WhiteElo "1887"]
[BlackElo "2011"]
[PlyCount "70"]
[EventDate "2014.06.19"]
[EventType "swiss"]
[EventRounds "7"]
[EventCountry "GER"]
[SourceTitle "CBM 161 Extra"]
[Source "ChessBase"]
[SourceDate "2014.08.29"]
[SourceVersion "1"]
[SourceVersionDate "2014.08.29"]
[SourceQuality "1"]

1. d4 Nf6 2. c4 c5 3. d5 b5 4. cxb5 a6 5. bxa6 g6 6. Nc3 Bxa6 7. g3 Bg7 8. Bg2 d6 9. Nf3 0-0 10. 0-0 Nbd7 11. Rb1 Qa5 12. Bd2 Qb6 13. b3 Rfb8 14. Re1 Ra7 15. e4 Ng4 16. Qc2 Nge5 17. Nxe5 Nxe5 18. Re3 Bh6 19. Na4 Qb7 20. f4 Bd3 21. Rxd3 Nxd3 22. Rd1 Nb4 23. Bxb4 Qxb4 24. Bf1 Bg7 25. Bc4 Bd4+ 26. Kh1 Qa3 27. Be2 Rb4 28. Rf1 Raxa4 29. bxa4 Rb2 30. Qc4 Qe3 31. Qd3 Qxe2 32. Qxe2 Rxe2 33. Rf3 c4 34. Rf1 Rxa2 35. a5 c3 0-1

[Event "Rheinland Pfalz op 6th"]
[Site "Gau Algesheim"]
[Date "2014.06.20"]
[Round "1"]
[White "Scheffler, Juergen"]
[Black "Wolf, Gabriel"]
[Result "0-1"]
[WhiteElo "1299"]
[BlackElo "1887"]
[PlyCount "36"]
[EventDate "2014.06.19"]
[EventType "swiss"]
[EventRounds "7"]
[EventCountry "GER"]
[SourceTitle "CBM 161 Extra"]
[Source "ChessBase"]
[SourceDate "2014.08.29"]
[SourceVersion "1"]
[SourceVersionDate "2014.08.29"]
[SourceQuality "1"]

1. d4 Nf6 2. c4 g6 3. Nc3 Bg7 4. e4 d6 5. Bg5 0-0 6. Qd2 Nbd7 7. Bh6 Bxh6 8. Qxh6 e5 9. Nf3 Re8 10. Rd1 exd4 11. Rxd4 c5 12. Rxd6 Nxe4 13. Nxe4 Rxe4+ 14. Be2 Rxe2+ 15. Kd1 Qe7 16. Ng5 Nf8 17. Rd3 Rxb2 18. Rd2 Rb1+ 0-1

[Event "Wiesbaden op 25th"]
[Site "Wiesbaden"]
[Date "2013.08.25"]
[Round "7"]
[White "Wolf, Gabriel"]
[Black "Roediger, Thomas"]
[Result "1/2-1/2"]
[WhiteElo "1887"]
[BlackElo "2049"]
[PlyCount "76"]
[EventDate "2013.08.22"]
[EventType "swiss"]
[EventRounds "7"]
[EventCountry "GER"]
[SourceTitle "CBM 156 Extra"]
[Source "ChessBase"]
[SourceDate "2013.10.22"]
[SourceVersion "1"]
[SourceVersionDate "2013.10.22"]
[SourceQuality "1"]

1. d4 Nf6 2. c4 e6 3. Nc3 d5 4. cxd5 exd5 5. Bg5 Be7 6. e3 c6 7. Qc2 Be6 8. Bd3 Nbd7 9. Nge2 h6 10. Bh4 Nh5 11. Bxe7 Qxe7 12. 0-0 0-0 13. Rad1 Nhf6 14. Kh1 Ng4 15. Ng3 Qh4 16. h3 Nxe3 17. fxe3 Qxg3 18. Rf3 Qh4 19. Rf4 Qh5 20. Rdf1 Rae8 21. Be2 Qg6 22. Bd3 Qg5 23. e4 Nf6 24. exd5 cxd5 25. g4 Qh4 26. Kg2 Bd7 27. Bf5 Re3 28. R1f3 Rxf3 29. Rxf3 Bxf5 30. Rxf5 Re8 31. Qf2 Qxf2+ 32. Kxf2 Rd8 33. Kf3 Kf8 34. Kf4 Rd6 35. Ke5 Re6+ 36. Kf4 g6 37. Re5 Rd6 38. h4 Rb6 1/2-1/2

[Event "Wiesbaden op 25th"]
[Site "Wiesbaden"]
[Date "2013.08.23"]
[Round "2"]
[White "Roessler, Lukas Namgyu"]
[Black "Wolf, Gabriel"]
[Result "0-1"]
[WhiteElo "1604"]
[BlackElo "1859"]
[PlyCount "88"]
[EventDate "2013.08.22"]
[EventType "swiss"]
[EventRounds "7"]
[EventCountry "GER"]
[SourceTitle "EXT 2014"]
[Source "ChessBase"]
[SourceDate "2013.11.20"]
[SourceVersion "1"]
[SourceVersionDate "2013.11.20"]
[SourceQuality "1"]

1. e4 c5 2. Nf3 g6 3. d4 cxd4 4. Nxd4 Bg7 5. Be3 Nc6 6. Nc3 Nf6 7. Bc4 Qa5 8. 0-0 0-0 9. Bb3 d6 10. h3 Bd7 11. f4 Nxd4 12. Bxd4 Bc6 13. Qf3 Rac8 14. Rae1 a6 15. Qe3 Nd7 16. Bxg7 Kxg7 17. Qd4+ Kg8 18. Bd5 Qb6 19. Qxb6 Nxb6 20. Rf2 Rfd8 21. Rd1 e6 22. Bxc6 bxc6 23. b3 d5 24. Rfd2 Kf8 25. Kf2 Ke7 26. g3 Nd7 27. Ke3 Nc5 28. exd5 cxd5 29. Rd4 Nb7 30. R1d3 Nd6 31. g4 Rc6 32. Rb4 Rdc8 33. Kd4 f5 34. gxf5 Nxf5+ 35. Ke5 Rxc3 36. Rxc3 Rxc3 37. Rb7+ Kd8 38. Kxe6 d4 39. Rxh7 Rxc2 40. Rd7+ Kc8 41. Rd5 Rxa2 42. h4 Rd2 43. Ke5 Nxh4 44. Rxd4 Nf3+ 0-1

[Event "Rhein Main op-B 16th"]
[Site "Bad Homburg"]
[Date "2013.06.01"]
[Round "5"]
[White "Wolf, Gabriel"]
[Black "Groetzinger, Waldemar"]
[Result "1-0"]
[WhiteElo "1862"]
[BlackElo "1697"]
[PlyCount "47"]
[EventDate "2013.05.29"]
[EventType "swiss"]
[EventRounds "7"]
[EventCountry "GER"]
[SourceTitle "EXT 2014"]
[Source "ChessBase"]
[SourceDate "2013.11.20"]
[SourceVersion "1"]
[SourceVersionDate "2013.11.20"]
[SourceQuality "1"]

1. d4 b6 2. c4 e6 3. Nc3 Bb4 4. Nf3 Bb7 5. Nd2 Nf6 6. Qc2 0-0 7. e4 d5 8. cxd5 exd5 9. e5 Ne4 10. Bd3 Nc6 11. Nf3 Ne7 12. 0-0 Bxc3 13. bxc3 Ng6 14. Nd2 Ng5 15. f4 Ne4 16. Nxe4 dxe4 17. Bxe4 Bxe4 18. Qxe4 Ne7 19. f5 f6 20. Qg4 fxe5 21. dxe5 Nxf5 22. Rxf5 Rxf5 23. Qxf5 Qd1+ 24. Qf1 1-0

[Event "Karl Mala Memorial op 15th"]
[Site "Frankfurt"]
[Date "2012.07.08"]
[Round "7"]
[White "Varma, Christopher"]
[Black "Wolf, Gabriel"]
[Result "1-0"]
[WhiteElo "1788"]
[BlackElo "1629"]
[PlyCount "51"]
[EventDate "2012.07.05"]
[EventType "swiss"]
[EventRounds "7"]
[EventCountry "GER"]
[SourceTitle "CBM 149 Extra"]
[Source "ChessBase"]
[SourceDate "2012.08.24"]
[SourceVersion "1"]
[SourceVersionDate "2012.08.24"]
[SourceQuality "1"]

1. e4 c5 2. Nc3 g6 3. f4 Bg7 4. Nf3 Nc6 5. Bb5 Nd4 6. 0-0 Nxb5 7. Nxb5 Nf6 8. Nc3 0-0 9. d3 d6 10. Qe1 Nd7 11. f5 Ne5 12. Nxe5 Bxe5 13. Bh6 Bg7 14. Bxg7 Kxg7 15. Qh4 f6 16. fxg6 hxg6 17. Nd5 Be6 18. Ne3 Rc8 19. b3 b5 20. a4 c4 21. bxc4 Qb6 22. Qf2 bxc4 23. Rfb1 Qd4 24. Nf5+ gxf5 25. Qxd4 fxe4 26. dxe4 1-0

[Event "Karl Mala Memorial op 15th"]
[Site "Frankfurt"]
[Date "2012.07.07"]
[Round "4"]
[White "Wolf, Gabriel"]
[Black "Faldum, Manfred"]
[Result "0-1"]
[WhiteElo "1629"]
[BlackElo "1923"]
[PlyCount "112"]
[EventDate "2012.07.05"]
[EventType "swiss"]
[EventRounds "7"]
[EventCountry "GER"]
[SourceTitle "CBM 149 Extra"]
[Source "ChessBase"]
[SourceDate "2012.08.24"]
[SourceVersion "1"]
[SourceVersionDate "2012.08.24"]
[SourceQuality "1"]

1. d4 Nf6 2. c4 g6 3. Nc3 Bg7 4. e4 d6 5. Nf3 0-0 6. Be2 e5 7. 0-0 Nc6 8. d5 Ne7 9. b4 Ne8 10. c5 f5 11. Ne1 Nf6 12. f3 f4 13. Nd3 g5 14. Bd2 Ng6 15. Rc1 Rf7 16. cxd6 cxd6 17. Nf2 h5 18. Nb5 Bf8 19. Qc2 Ne8 20. Nxa7 Rc7 21. Nc6 bxc6 22. dxc6 Rca7 23. b5 Qb6 24. Bc4+ Kg7 25. Kh1 Nc7 26. Rb1 Be6 27. Rb2 Ra4 28. Bxe6 Nxe6 29. Nd1 Nd4 30. Qb1 Ne7 31. Nc3 Ra3 32. Rc1 Rb8 33. Nd5 Nxd5 34. exd5 Be7 35. Be1 Ra7 36. Bf2 Bd8 37. Bxd4 Qxd4 38. Qc2 Qxd5 39. b6 Rxb6 40. Qf2 Qd4 41. Qxd4 exd4 42. Rd2 Rc7 43. Rxd4 Rbxc6 44. Rcd1 Bf6 45. Rd5 Be5 46. g3 Rc1 47. Kg2 Rxd1 48. Rxd1 Rc2+ 49. Kh3 Rxa2 50. g4 h4 51. Rxd6 Rxh2+ 52. Kxh2 Bxd6 53. Kg2 Kf6 54. Kf2 Ke5 55. Ke2 Kd4 56. Kd2 h3 0-1

[Event "Regionalliga NW 9899"]
[Site "Bayern"]
[Date "1999.??.??"]
[Round "5.8"]
[White "Wolf, Gabriel"]
[Black "Kress, Manfred"]
[Result "0-1"]
[WhiteElo "1605"]
[BlackElo "2000"]
[PlyCount "106"]
[EventDate "1998.??.??"]
[EventType "team-tourn"]
[EventRounds "9"]
[EventCountry "GER"]
[SourceTitle "EXT 2020"]
[Source "ChessBase"]
[SourceDate "2019.10.17"]
[SourceVersion "1"]
[SourceVersionDate "2019.10.17"]
[SourceQuality "1"]
[WhiteTeam "Wuerzburg II"]
[BlackTeam "Dettingen"]
[WhiteTeamCountry "GER"]
[BlackTeamCountry "GER"]

1. e4 e5 2. d4 exd4 3. Qxd4 Nc6 4. Qe3 b6 5. Nc3 g6 6. Bd2 Bg7 7. 0-0-0 d6 8. Bb5 Bd7 9. Nf3 Nge7 10. Nd5 0-0 11. Bc3 Nxd5 12. exd5 Re8 13. Qd3 Ne5 14. Nxe5 Bxb5 15. Qxb5 Bxe5 16. Bd2 Qf6 17. f3 a6 18. Qb3 Bf4 19. Qb4 Bxd2+ 20. Qxd2 Re7 21. Rde1 Rae8 22. Rxe7 Qxe7 23. Kd1 Kg7 24. Re1 Qxe1+ 25. Qxe1 Rxe1+ 26. Kxe1 Kf6 27. Kd2 Ke5 28. c4 Kd4 29. b3 b5 30. cxb5 axb5 31. a3 Kxd5 32. Kc3 c5 33. a4 bxa4 34. bxa4 Kc6 35. g4 d5 36. f4 Kb6 37. f5 gxf5 38. gxf5 Ka5 39. Kb3 c4+ 40. Kc3 Kxa4 41. Kd4 Kb5 42. Kxd5 c3 43. Ke5 c2 44. Kf6 c1Q 45. Kxf7 Qh6 46. f6 Qxh2 47. Kg8 h5 48. f7 Qf4 49. Kh8 h4 50. Kg7 h3 51. f8Q Qxf8+ 52. Kg6 h2 53. Kh7 h1Q+ 0-1